[Event "Linares Anibal op 7th"]
[Site "Linares"]
[Date "2000.01.14"]
[Round "8"]
[White "Vokarev, Sergey"]
[Black "Hauchard, Arnaud"]
[Result "0-1"]
[WhiteElo "2469"]
[BlackElo "2518"]
[PlyCount "121"]
[EventDate "2000.01.07"]
[Source "ChessBase"]
[SourceDate "2000.04.05"]

1. e4 c5 2. Nf3 e6 3. d4 cxd4 4. Nxd4 a6 5. Nd2 d6 6. Bd3 Nf6 7. O-O Be7 8. c4 Qb6 9. Ne2 Nbd7 10. Nc3 O-O 11. Nf3 Qc7 12. Bg5 b6 13. Rc1 Bb7 14. Qe2 Rfe8 15. Rfd1 Rac8 16. b3 Qb8 17. Bb1 Nf8 18. h3 Ng6 19. Nh4 Bd8 20. Nxg6 hxg6 21. Qd2 Bc7 22. a4 Nd7 23. Bf4 Ne5 24. Bg3 f5 25. Bxe5 dxe5 26. Qg5 Bd6 27. Qxg6 f4 28. Bd3 Qc7 29. Be2 Ba3 30. Rc2 Qf7 31. Qg5 Qf6 32. Qxf6 gxf6 33. Bg4 Rc7 34. Rcd2 Bb4 35. Rd7 Rxd7 36. Rxd7 Bc6 37. Rc7 Ba8 38. Na2 Bc5 39. b4 Bd4 40. Rc8 Kf8 41. Bxe6 Bxe4 42. a5 bxa5 43. bxa5 f3 44. gxf3 Bxf3 45. Nb4 Bc3 46. Nxa6 Rxc8 47. Bxc8 Bxa5 48. Bg4 Bb7 49. Nc5 Bc6 50. Bf5 Bb6 51. Ne4 Kg7 52. Kg2 Bc5 53. Kg3 Bb4 54. Kg4 Be8 55. Be6 Bg6 56. f3 Ba3 57. h4 Bb4 58. Ng3 Bd3 59. Bd5 Bg6 60. Be6 Kf8 61. Bd5 0-1

[Event "MK Cafe Cup-A"]
[Site "Koszalin"]
[Date "1999.08.12"]
[Round "9"]
[White "Socko, Monika"]
[Black "Marin, Mihail"]
[Result "1/2-1/2"]
[WhiteElo "2438"]
[BlackElo "2548"]
[PlyCount "199"]
[EventDate "1999.08.03"]
[Source "ChessBase"]
[SourceDate "1999.12.01"]

1. d4 Nf6 2. Nf3 e6 3. c4 c5 4. Nc3 cxd4 5. Nxd4 a6 6. a3 Qc7 7. e4 b6 8. Be2 Bb7 9. f3 d6 10. O-O Be7 11. Be3 O-O 12. Rc1 Nbd7 13. Qe1 Rac8 14. Qf2 Qb8 15. Rfd1 Bd8 16. b4 Bc7 17. Kh1 Rfe8 18. Nb3 d5 19. cxd5 Bxh2 20. dxe6 fxe6 21. Rxd7 Nxd7 22. f4 Nf6 23. Kxh2 Rxc3 24. Rxc3 Nxe4 25. Qe1 e5 26. f5 Nxc3 27. Qxc3 Qd8 28. Kg1 Qf6 29. Qc7 Bd5 30. Bc4 Bxc4 31. Qxc4+ Kh8 32. Qxa6 Qxf5 33. Nd2 h6 34. Qxb6 Ra8 35. Nf1 Rxa3 36. Qc5 Ra1 37. Qc4 Rb1 38. b5 Kh7 39. b6 Kh8 40. Qe2 Kh7 41. Bf2 e4 42. Bd4 h5 43. Qf2 g6 44. Be3 Kg7 45. Qe2 Qf7 46. Bf2 Qd5 47. Be3 Qf7 48. Qa6 Kh7 49. Bd4 Kh6 50. b7 Rxb7 51. Qa8 Rb1 52. Qh8+ Kg5 53. Qe5+ Kh6 54. Bf2 Qf5 55. Qh8+ Kg5 56. Qd8+ Kh6 57. Qh8+ Kg5 58. Qg7 Qb5 59. Be3+ Kf5 60. Qf7+ Ke5 61. Bf4+ Kd4 62. Qf6+ Kc4 63. Be3 Kb3 64. Qf7+ Ka3 65. Qf4 Kb3 66. Qf7+ Ka3 67. Qf2 Kb3 68. Bd2 Qf5 69. Qe3+ Ka4 70. Be1 Kb5 71. Bf2 Kc6 72. Qc3+ Kd7 73. Be1 Ke8 74. Ng3 Qe6 75. Kh2 e3 76. Qh8+ Kf7 77. Bc3 Rb5 78. Qa8 Rd5 79. Qb7+ Qd7 80. Qb6 Qe6 81. Qc7+ Ke8 82. Qb8+ Rd8 83. Qb5+ Rd7 84. Be5 Qg4 85. Bf6 Kf7 86. Bg5 Rd6 87. Qb3+ Re6 88. Qb7+ Ke8 89. Qb8+ Kd7 90. Qd8+ Kc6 91. Qc8+ Kd5 92. Qd7+ Rd6 93. Qb7+ Rc6 94. Qb3+ Rc4 95. Qxe3 h4 96. Ne2 Kc6 97. Bf6 Re4 98. Nd4+ Kd7 99. Qf3 Rxd4 100. Bxd4 1/2-1/2

[Event "Moscow-B"]
[Site "Moscow RUS"]
[Date "1987.??.??"]
[Round "?"]
[White "Vyzmanavin, Alexey B"]
[Black "Zaichik, Gennadi L"]
[Result "1-0"]
[WhiteElo "2485"]
[BlackElo "2500"]
[PlyCount "105"]
[EventDate "1987.06.??"]
[Source "www.chesslib.no"]
[SourceDate "2004.05.04"]

1. d4 Nf6 2. c4 e6 3. Nf3 a6 4. Nc3 c5 5. e4 cxd4 6. Nxd4 Bb4 7. Bd3 Nc6 8. Nxc6 dxc6 9. e5 Qa5 10. exf6 Bxc3+ 11. bxc3 Qxc3+ 12. Bd2 Qxd3 13. fxg7 Rg8 14. Bh6 Qc3+ 15. Kf1 Qf6 16. Qc1 e5 17. Rb1 c5 18. h4 Qc6 19. Qe3 f6 20. Rd1 Bd7 21. Rd5 Be6 22. Rxc5 Qd6 23. Kg1 Rd8 24. Ra5 Bxc4 25. Kh2 Qd4 26. Re1 Qxe3 27. Rxe3 Kf7 28. g4 Rd4 29. Kg3 Be6 30. f3 Rc8 31. g5 f5 32. Rexe5 f4+ 33. Kf2 Rd2+ 34. Re2 Rcc2 35. Rxd2 Rxd2+ 36. Ke1 Rd5 37. Ra4 Rf5 38. Re4 Bd5 39. Rd4 Kg8 40. a4 b5 41. axb5 axb5 42. Kd2 Re5 43. Rxf4 Bf7 44. Kc3 Rc5+ 45. Kb2 Rc6 46. Rd4 Rc8 47. f4 Rb8 48. f5 b4 49. Rd6 Re8 50. g6 hxg6 51. fxg6 Be6 52. Rb6 b3 53. Rd6 1-0

[Event "Neuchatel op"]
[Site "?"]
[Date "1997.??.??"]
[Round "6"]
[White "Siegel Georg"]
[Black "Arbakov Valentin"]
[Result "1/2-1/2"]
[WhiteElo "2490"]
[BlackElo "2490"]
[PlyCount "135"]
[EventDate "1997.??.??"]
[Source "www.chesslib.no"]
[SourceDate "2004.05.04"]

1. d4 Nf6 2. c4 e6 3. Nf3 c5 4. Nc3 cxd4 5. Nxd4 a6 6. e4 Bb4 7. Bd3 Qc7 8. Bd2 Nc6 9. Nxc6 dxc6 10. O-O Bd6 11. f4 e5 12. f5 Bc5+ 13. Kh1 b6 14. Rb1 Bb7 15. b4 Bd4 16. Qf3 Rd8 17. Ne2 c5 18. Rbe1 Qd6 19. Bb1 h5 20. Nxd4 cxd4 21. Bd3 h4 22. Rc1 Qc6 23. Rfe1 Kf8 24. c5 b5 25. Kg1 Nd7 26. Qh3 Kg8 27. Bg5 Ra8 28. Rc2 a5 29. a4 Ba6 30. axb5 Bxb5 31. Bxb5 Qxb5 32. c6 Nf6 33. c7 Rc8 34. bxa5 Qxa5 35. Rec1 Qa8 36. Bxf6 gxf6 37. Rc6 Qa5 38. Qd3 Kg7 39. Qe2 Qa3 40. Rd1 Kf8 41. Rxf6 Rxc7 42. Ra6 Qc3 43. f6 Rc8 44. Rda1 Rh6 45. R6a3 Qc6 46. Ra6 Qc3 47. R6a3 Qc5 48. Ra8 d3+ 49. Qf2 Qxf2+ 50. Kxf2 Rxf6+ 51. Ke3 Rxa8 52. Rxa8+ Kg7 53. Rd8 Rf1 54. Rxd3 Rh1 55. Kf2 Kg6 56. Rh3 Kg5 57. Rf3 f6 58. Rf5+ Kg6 59. Rf3 Ra1 60. Rb3 Kg5 61. Kf3 Ra2 62. h3 Ra1 63. Rc3 Ra4 64. Rb3 f5 65. exf5 Kxf5 66. g4+ hxg3 67. Kxg3 Ke4 68. Kf2 1/2-1/2

[Event "Mind Sports Games - Blitz Team"]
[Site "Pechino CINA"]
[Date "2008.10.13"]
[Round "10"]
[White "Aveskulov, V."]
[Black "Haznedaroglu, K."]
[Result "1-0"]
[WhiteElo "2544"]
[BlackElo "2436"]
[PlyCount "81"]
[EventDate "2008.10.13"]
[Source "www.chesslib.no"]
[SourceDate "2004.05.04"]

1. e4 c5 2. Nf3 e6 3. d4 cxd4 4. Nxd4 a6 5. Be2 Qc7 6. O-O Nf6 7. Nc3 h5 8. Qd3 Nc6 9. h3 Nxd4 10. Qxd4 Bc5 11. Qd2 b5 12. Qg5 Bd4 13. Bf4 d6 14. Rad1 Qc5 15. Rxd4 Qxd4 16. Rd1 Nxe4 17. Nxe4 Qxe4 18. Bf3 Qxc2 19. Rc1 Qg6 20. Qxg6 fxg6 21. Bxa8 Kd7 22. Be4 Rf8 23. Bg5 a5 24. Bc6+ Kc7 25. Bxb5+ Kb6 26. Bd3 Bd7 27. Be3+ Kb7 28. Bxg6 d5 29. Bxh5 e5 30. Bf3 e4 31. Be2 Be6 32. Bd4 g6 33. g4 Rf7 34. Kg2 Rd7 35. Bb5 Rh7 36. Rc6 Re7 37. Rb6+ Kc7 38. Ra6 Kb8 39. Rxa5 Rb7 40. Be5+ Kc8 41. Ra8+ 1-0

[Event "HUN-chT 9798"]
[Site "Hungary"]
[Date "1997.??.??"]
[Round "?"]
[White "Sherzer, Alex"]
[Black "Horvath, Csaba"]
[Result "0-1"]
[WhiteElo "2495"]
[BlackElo "2485"]
[PlyCount "80"]
[EventDate "1997.??.??"]
[Source "www.chesslib.no"]
[SourceDate "2004.05.04"]

1. e4 c5 2. Nf3 e6 3. d4 cxd4 4. Nxd4 a6 5. g3 d5 6. Nf3 Nf6 7. e5 Nfd7 8. Bg2 Nc6 9. Qe2 b5 10. O-O h6 11. b3 Bc5 12. Rd1 Qb6 13. c4 bxc4 14. bxc4 Nd4 15. Nxd4 Bxd4 16. cxd5 Rb8 17. dxe6 Nxe5 18. exf7+ Kxf7 19. Bd5+ Be6 20. Bxe6+ Kxe6 21. Be3 Bxe3 22. fxe3 Rbc8 23. Rf1 Rhd8 24. a4 Ke7 25. a5 Qb7 26. Ra2 Rf8 27. Rxf8 Rxf8 28. Nd2 Qd5 29. Rb2 Nd3 30. Rc2 Rf2 31. e4 Qd4 32. Nb3 Qa7 33. Rc7+ Qxc7 34. Qxd3 Rb2 35. Qe3 Kf7 36. Qc5 Qb7 37. Qc4+ Kg6 38. Nc5 Qe7 39. Nxa6 Kh7 40. Nc5 Qf6 0-1

[Event "Bodensee-Cup"]
[Site "Steckborn"]
[Date "1997.??.??"]
[Round "2"]
[White "Siegel, Georg"]
[Black "Bezold, Michael"]
[Result "1/2-1/2"]
[WhiteElo "2480"]
[BlackElo "2500"]
[PlyCount "34"]
[EventDate "1997.05.??"]
[Source "www.chesslib.no"]
[SourceDate "2004.05.04"]

1. c4 c5 2. Nf3 Nf6 3. d4 cxd4 4. Nxd4 e6 5. Nc3 a6 6. e4 Qc7 7. Bd3 Be7 8. O-O d6 9. Kh1 Nfd7 10. f4 Bf6 11. Be3 Nc6 12. Nxc6 bxc6 13. Qc2 c5 14. e5 dxe5 15. f5 Nb6 16. Ne4 Be7 17. f6 gxf6 1/2-1/2

[Event "I Open internazionale"]
[Site "Gurgon IND"]
[Date "2009.01.28"]
[Round "9"]
[White "Nurlan, Ibrayev"]
[Black "Yuri, Solodovnichenko"]
[Result "1/2-1/2"]
[WhiteElo "2407"]
[BlackElo "2571"]
[PlyCount "92"]
[EventDate "2009.01.21"]
[Source "www.chesslib.no"]
[SourceDate "2004.05.04"]

1. Nf3 Nf6 2. c4 c5 3. d4 cxd4 4. Nxd4 a6 5. Nc3 e6 6. e4 Qc7 7. a3 b6 8. Be2 Bb7 9. f3 Be7 10. Be3 O-O 11. Qd2 d6 12. O-O Nbd7 13. Rfc1 Rad8 14. b4 Qb8 15. Bf1 Rfe8 16. Qf2 d5 17. exd5 Bd6 18. g3 exd5 19. cxd5 Qa8 20. Nc6 Rc8 21. Bh3 Bxc6 22. dxc6 Rxc6 23. Bxd7 Nxd7 24. Ne4 Be5 25. Rxc6 Qxc6 26. Rd1 b5 27. Kg2 h6 28. Qa2 Nf6 29. Rc1 Qa8 30. Nxf6+ Bxf6 31. Bf2 Qb7 32. Qc2 h5 33. a4 bxa4 34. Qxa4 Re6 35. Re1 Rc6 36. Re8+ Kh7 37. Qa5 g6 38. Qd5 Qc7 39. Ra8 Rd6 40. Ra7 Rxd5 41. Rxc7 Kg7 42. Rc6 Rd2 43. Kf1 Ra2 44. h3 Ra1+ 45. Kg2 Ra2 46. Kf1 Ra1+ 1/2-1/2

[Event "ESP-ch Gp A"]
[Site "Cala Mendia, Mallorca"]
[Date "2001.11.17"]
[Round "1"]
[White "Moreno Carnero, Javier"]
[Black "Cacho Reigadas, Sergio"]
[Result "1-0"]
[WhiteElo "2514"]
[BlackElo "2463"]
[PlyCount "73"]
[EventDate "2001.11.17"]
[Source "ChessBase"]
[SourceDate "2001.02.01"]

1. e4 c5 2. Nf3 e6 3. d4 cxd4 4. Nxd4 a6 5. Be2 Nf6 6. Nc3 Bb4 7. O-O Bxc3 8. bxc3 Qc7 9. Qd3 d5 10. exd5 Nxd5 11. Bf3 Qxc3 12. Qxc3 Nxc3 13. Bb2 Nb5 14. Nxb5 axb5 15. Bxg7 Rg8 16. Bf6 Rg6 17. Bb2 Ra4 18. Rfe1 f5 19. Bh5 Na6 20. a3 Rc4 21. Re2 Nc5 22. Rd1 Na4 23. Ba1 Bd7 24. Rd4 Nb6 25. Rxc4 Nxc4 26. Bd4 Nxa3 27. c3 Nc4 28. Ra2 Ke7 29. Bxg6 hxg6 30. f4 e5 31. Bxe5 Bc6 32. Bd4 Ke6 33. Ra8 Kd5 34. Rd8+ Ke4 35. g3 Nd2 36. Kf2 Bd5 37. Rh8 1-0

[Event "POL-ch"]
[Site "Poland"]
[Date "1996.??.??"]
[Round "9"]
[White "Markowski, Tomasz"]
[Black "Oliwa, Marek"]
[Result "1-0"]
[WhiteElo "2535"]
[BlackElo "2440"]
[PlyCount "137"]
[EventDate "1996.??.??"]
[Source "ChessBase"]

1. Nf3 c5 2. c4 Nf6 3. Nc3 a6 4. e4 d6 5. d4 cxd4 6. Nxd4 e6 7. Be2 Be7 8. O-O O-O 9. Be3 Nc6 10. Rc1 Bd7 11. Nb3 b6 12. f3 Rb8 13. Qd2 Rb7 14. Rfd1 Qb8 15. Bf1 Rd8 16. Qf2 Be8 17. Rd2 Nd7 18. Rcd1 Nce5 19. Rc2 Rc7 20. Nb1 Rdc8 21. Na3 b5 22. cxb5 Rxc2 23. Nxc2 axb5 24. Nbd4 Nc4 25. Bc1 Nc5 26. b3 Ne5 27. Nb4 Bd8 28. Be3 Bb6 29. Qe2 Ba5 30. a3 Bb6 31. Kh1 h6 32. Bg1 Bc7 33. Nxb5 Bxb5 34. Qxb5 Qxb5 35. Bxb5 Nxb3 36. Na6 Bd8 37. a4 Be7 38. Bb6 Nc4 39. Bg1 Ne5 40. h3 Rc2 41. Nb4 Rc3 42. f4 Ng6 43. Rd3 Bf6 44. f5 exf5 45. exf5 Nf4 46. Rxc3 Bxc3 47. Nc6 d5 48. Be3 Nh5 49. Ne7+ Kf8 50. Nxd5 Ng3+ 51. Kh2 Be5 52. f6 Ne4+ 53. Kh1 Nxf6 54. Nxf6 Bxf6 55. Bb6 Bc3 56. Bc4 Na5 57. Bd5 Ke7 58. Bc5+ Ke8 59. Kg1 f6 60. Kf2 Kd7 61. g4 g6 62. Bf7 Nb7 63. Bb6 Kc6 64. Be3 g5 65. Be8+ Kd5 66. Kf3 Nc5 67. Bf2 Ne4 68. Bc6+ Kxc6 69. Kxe4 1-0

[Event "Warszawa Cup5-A"]
[Site "Warsaw POL"]
[Date "1979.??.??"]
[Round "7"]
[White "Kuligowski, Adam"]
[Black "Barczay, Laszlo"]
[Result "1/2-1/2"]
[WhiteElo "2495"]
[BlackElo "2470"]
[PlyCount "54"]
[EventDate "1979.05.??"]
[Source "www.chesslib.no"]
[SourceDate "2004.05.04"]

1. d4 Nf6 2. c4 a6 3. Nc3 c5 4. dxc5 Qa5 5. Nf3 e6 6. Nd4 Qxc5 7. e4 Qc7 8. a3 d6 9. Be3 Be7 10. Rc1 O-O 11. Be2 b6 12. O-O Bb7 13. f3 Nbd7 14. b4 Rab8 15. Qd2 Ba8 16. Rfd1 Qb7 17. Rb1 Rfd8 18. Bf2 Ne5 19. Rbc1 h6 20. Qa2 Ng6 21. Bf1 Nd7 22. b5 Qa7 23. bxa6 Nc5 24. Ndb5 Qxa6 25. Rc2 Rd7 26. Rcd2 Rbd8 27. a4 Bc6 1/2-1/2

[Event "Alushta3"]
[Site "Alushta"]
[Date "1993.??.??"]
[Round "?"]
[White "Fish, Gannadij"]
[Black "Sokolov, Andrei"]
[Result "0-1"]
[WhiteElo "2440"]
[BlackElo "2525"]
[PlyCount "86"]
[EventDate "1993.08.??"]
[Source "ChessBase"]

1. e4 c5 2. Nf3 e6 3. d4 cxd4 4. Nxd4 a6 5. g3 d5 6. Nf3 Nf6 7. exd5 Qxd5 8. Qxd5 Nxd5 9. a3 b5 10. Nbd2 Nd7 11. Nb3 Bb7 12. Be2 N5b6 13. O-O Be4 14. c3 Bd5 15. Na5 Be7 16. Be3 Rc8 17. Nd2 O-O 18. Rac1 Nc4 19. Naxc4 bxc4 20. b4 cxb3 21. c4 Bb7 22. Rb1 Nc5 23. Nxb3 Na4 24. Nd2 Bc6 25. Rb3 Rfd8 26. Rc1 Bc5 27. Nf1 Kf8 28. Rd1 Rxd1 29. Bxd1 Rd8 30. Bc2 Bxe3 31. Nxe3 Nc5 32. Rb6 Bf3 33. Kf1 Ke7 34. Ke1 g5 35. Bd1 g4 36. Be2 h5 37. h4 Be4 38. Nd1 f5 39. Ne3 Kd7 40. Rb2 Ke7 41. Kf1 Rd4 42. Ng2 e5 43. Ne3 f4 0-1

[Event "Hafnarfjordur"]
[Site "Hafnarfjordur"]
[Date "1997.??.??"]
[Round "8"]
[White "Thorhallsson, Throstur"]
[Black "Astrom, Robert"]
[Result "1/2-1/2"]
[WhiteElo "2510"]
[BlackElo "2455"]
[PlyCount "69"]
[EventDate "1997.12.13"]
[Source "ChessBase"]
[SourceDate "1998.03.09"]

1. e4 c5 2. Nf3 e6 3. d4 cxd4 4. Nxd4 a6 5. g3 d5 6. e5 Ne7 7. f4 Nbc6 8. Be3 Nxd4 9. Bxd4 Nc6 10. Be3 Bd7 11. Nd2 Na5 12. Bd3 Bb5 13. O-O Qc7 14. Qe2 Bxd3 15. cxd3 Nc6 16. Nf3 Be7 17. Qf2 O-O 18. Bb6 Qd7 19. a3 Rfc8 20. g4 Bd8 21. Be3 Be7 22. Rae1 b5 23. Qg2 b4 24. a4 b3 25. Re2 Nb4 26. f5 exf5 27. gxf5 Qxf5 28. Nh4 Qxd3 29. Nf5 Bf8 30. Nh6+ Kh8 31. Nxf7+ Kg8 32. Nh6+ Kh8 33. Nf7+ Kg8 34. Nh6+ Kh8 35. Nf7+ 1/2-1/2